| 000 | 00595ntaaa2200181 4500 | ||
|---|---|---|---|
| 003 | 01 | ||
| 005 | 20251027203353.0 | ||
| 008 | 0714s1973 ag 01 | ||
| 040 |
_aAR-BaBN _bspa _cAR-BaBN _eaacr _dRIC |
||
| 100 |
_aRovaletti, María Lucrecia _9134 |
||
| 245 |
_aLa dimensión teologal del hombre : _bApuntes en torno al tema de la religación en Xavier Zubiri / _cMaría Lucrecia Rovaletti |
||
| 260 |
_aBuenos Aires : _bEudeba, _c1979 |
||
| 300 |
_a71 p. ; _c20 cm. |
||
| 490 | _aEnsayos | ||
| 500 | _aDonación de Tomás J. M. Mackey, 2021 | ||
| 500 | _aBibliografía: p. 61-69 | ||
| 942 | _cBK | ||
| 999 |
_c29245 _d29245 |
||